[Event "Eindhoven WLC op 10th"]
[Site "Eindhoven"]
[Date "2019.05.25"]
[Round "3"]
[White "Habibi, Hamoen"]
[Black "Cebula, Jerzy"]
[Result "1/2-1/2"]
[WhiteElo "2041"]
[BlackElo "2025"]
[PlyCount "106"]
[EventDate "2019.05.24"]
[EventType "swiss"]
[EventRounds "6"]
[EventCountry "NED"]
[SourceTitle "OM OTB B 201907"]
[Source "Opening Master"]
[SourceDate "2019.07.06"]
[SourceVersion "2"]
[SourceVersionDate "2019.07.06"]
[SourceQuality "1"]

1. e4 e5 2. Nf3 Nc6 3. Nc3 Nf6 4. Nxe5 Nxe5 5. d4 Nc6 6. d5 Bb4 7. dxc6 bxc6 8.
Bd3 d5 9. exd5 cxd5 10. O-O O-O 11. Na4 Bg4 12. f3 Bd7 13. b3 Bxa4 14. bxa4
Bc5+ 15. Kh1 c6 16. c4 Rb8 17. cxd5 Nxd5 18. Bxh7+ Kxh7 19. Qc2+ Kg8 20. Qxc5
Qb6 21. Ba3 Qxc5 22. Bxc5 Rfe8 23. Bxa7 Ra8 24. Bc5 Rxa4 25. Kg1 Nf4 26. Bd6
Nd3 27. Rfd1 Rd4 28. Bg3 Red8 29. a4 Nb4 30. Rxd4 Rxd4 31. a5 Na6 32. Be1 c5
33. Rb1 Ra4 34. Rb6 Nb4 35. Bxb4 cxb4 36. a6 b3 37. h4 b2 38. Rxb2 Rxa6 39. h5
Ra5 40. g4 Kh7 41. Kg2 g6 42. Rb7 gxh5 43. Rxf7+ Kg6 44. Rf4 hxg4 45. Rxg4+ Rg5
46. Kh3 Kf5 47. Ra4 Rg1 48. Kh4 Rg8 49. Rb4 Rg1 50. Rb8 Kf4 51. Rf8+ Ke5 52.
Rf7 Rg8 53. Kh3 Rg1 1/2-1/2

[Event "Karlsruhe Grenke op"]
[Site "Karlsruhe"]
[Date "2019.04.18"]
[Round "1"]
[White "Vogel, Johannes"]
[Black "Mesaros, Florian"]
[Result "0-1"]
[WhiteElo "2112"]
[BlackElo "2447"]
[PlyCount "96"]
[EventDate "2019.04.18"]
[EventType "swiss"]
[EventRounds "9"]
[EventCountry "GER"]
[SourceTitle "OM OTB B 201907"]
[Source "Opening Master"]
[SourceDate "2019.07.06"]
[SourceVersion "2"]
[SourceVersionDate "2019.07.06"]
[SourceQuality "1"]

1. e4 e5 2. Nf3 Nc6 3. Nc3 Nf6 4. Nxe5 Nxe5 5. d4 Nc6 6. d5 Ne5 7. f4 Ng6 8. e5
Ng8 9. d6 cxd6 10. exd6 Qb6 11. Nb5 Kd8 12. f5 Ne5 13. Bf4 f6 14. Qd2 Qc6 15.
O-O-O b6 16. Be2 Bb7 17. Rhe1 Qxg2 18. Bxe5 fxe5 19. Qc3 Rc8 20. Qb3 a6 21. Na7
Rc6 22. Nxc6+ Qxc6 23. Bc4 Nf6 24. Rxe5 Bxd6 25. Ree1 b5 26. Bf1 Kc7 27. Re2
Qf3 28. Qf7 Qxf5 29. Kb1 Bf3 30. Rf2 Bh5 31. Rxf5 Bxf7 32. a4 bxa4 33. Ra5 a3
34. Rxa6 a2+ 35. Ka1 Bxh2 36. Ra7+ Kb8 37. Ra4 Rc8 38. c4 h5 39. Kxa2 h4 40. b3
g5 41. Bg2 g4 42. Rf1 Be5 43. Ra5 d5 44. Bxd5 Bxd5 45. cxd5 g3 46. d6 g2 47.
Rd1 Bxd6 48. Rg5 Ne4 0-1

[Event "Dubai The Arbor blitz op"]
[Site "Dubai"]
[Date "2019.04.12"]
[Round "3"]
[White "Polavarapu, Prudhvi"]
[Black "Kurbanov, Djakhongir"]
[Result "1-0"]
[WhiteElo "1457"]
[BlackElo "1971"]
[PlyCount "85"]
[EventDate "2019.04.12"]
[EventType "swiss (blitz)"]
[EventRounds "9"]
[EventCountry "UAE"]
[SourceTitle "OM OTB B 201907"]
[Source "Opening Master"]
[SourceDate "2019.07.06"]
[SourceVersion "2"]
[SourceVersionDate "2019.07.06"]
[SourceQuality "1"]

1. e4 e5 2. Nf3 Nc6 3. Nc3 Nf6 4. Nxe5 Nxe5 5. d4 Ng6 6. e5 Ng8 7. Bc4 Bb4 8.
Qf3 Qe7 9. Bd2 Bxc3 10. Bxc3 Nh6 11. h3 Nh4 12. Qe4 O-O 13. g3 d5 14. Bxd5 c6
15. Bb3 N4f5 16. g4 Nh4 17. f4 Be6 18. f5 Bd5 19. Bxd5 cxd5 20. Qxd5 Rfd8 21.
Qe4 Rac8 22. O-O-O Rxc3 23. bxc3 Qa3+ 24. Kd2 Rc8 25. Qd3 Ng2 26. Qf3 Nh4 27.
Qd3 Ng2 28. Qg3 b5 29. Rh2 Nh4 30. Rb1 b4 31. Rxb4 N6xf5 32. gxf5 Nxf5 33. Qd3
g6 34. Rb3 Qxa2 35. h4 h5 36. Qb5 a6 37. Qb7 Rd8 38. Qe4 a5 39. e6 a4 40. exf7+
Kg7 41. Qe5+ Kf8 42. Rb7 Qa3 43. Qh8# 1-0